LEADER 01278nam 2200361 450 001 000017732 005 20050718115700.0 010 $a3-527-30681-1 100 $a20040827d2003----km-y0itay0103----ba 101 0 $aeng 102 $aDE 200 1 $aChemoinformatics$ea textbook$fJohann Gasteiger, Thomas Engel (Eds.) 210 $aWeinheim$cWiley-VCH$dc2003 215 $aXXX, 649 p.$cill.$d25 cm. 606 $aChimica farmaceutica$xElaborazione elettronica 676 $a615.1900285$v(21. ed.)$9Chimica farmaceutica. Elaborazione dei dati. Applicazioni dell'elaboratore 702 1$aGasteiger,$bJohann 702 1$aEngel,$bThomas 801 0$aIT$bUniversitą della Basilicata - B.I.A.$gRICA$2unimarc 912 $a000017732 996 $aChemoinformatics$984539 997 $aUNIBAS BAS $aMONSCI BAS $aSCIENZE CAT $aTORRE$b20$c20040827$lBAS01$h1133 CAT $aTORRE$b20$c20040827$lBAS01$h1145 CAT $c20050601$lBAS01$h1756 CAT $abatch$b01$c20050718$lBAS01$h1053 CAT $c20050718$lBAS01$h1112 CAT $c20050718$lBAS01$h1142 CAT $c20050718$lBAS01$h1157 FMT Z30 -1$lBAS01$LBAS01$mBOOK$1BASA2$APolo Tecnico-Scientifico$2DID$BDidattica$3PTS.c2.p1.1$6102718$5T102718$820040827$f98$FConsultazione LEADER 03255oam 2200709Ia 450 001 9910786339103321 005 20190503073406.0 010 $a1-283-83470-7 010 $a0-262-30517-8 024 8 $a40021660660 035 $a(CKB)2670000000277346 035 $a(EBL)3339542 035 $a(SSID)ssj0000759328 035 $a(PQKBManifestationID)11432507 035 $a(PQKBTitleCode)TC0000759328 035 $a(PQKBWorkID)10783413 035 $a(PQKB)11595047 035 $a(MiAaPQ)EBC3339542 035 $a(CaBNVSL)mat06451061 035 $a(IDAMS)0b00006481ca9488 035 $a(IEEE)6451061 035 $a(OCoLC)819379928$z(OCoLC)822041494$z(OCoLC)939263642$z(OCoLC)961605326$z(OCoLC)962708720$z(OCoLC)988522362$z(OCoLC)992040216$z(OCoLC)1001864362$z(OCoLC)1037915748$z(OCoLC)1038697066$z(OCoLC)1038701691$z(OCoLC)1045513586$z(OCoLC)1055358269$z(OCoLC)1065693272$z(OCoLC)1081193883 035 $a(OCoLC-P)819379928 035 $a(MaCbMITP)7736 035 $a(Au-PeEL)EBL3339542 035 $a(CaPaEBR)ebr10629187 035 $a(CaONFJC)MIL414720 035 $a(OCoLC)939263642 035 $a(EXLCZ)992670000000277346 100 $a20121126d2012 uy 0 101 0 $aeng 135 $aur|n|---||||| 181 $ctxt 182 $cc 183 $acr 200 10$aCyberpolitics in international relations /$fNazli Choucri 210 $aCambridge, Mass. $cMIT Press$d©2012 215 $a1 online resource (321 p.) 300 $aDescription based upon print version of record. 311 $a0-262-51769-8 311 $a0-262-01763-6 320 $aIncludes bibliographical references and index. 327 $aContents; Acknowledgments; I New Challenges to International Relations Theory and Policy; 1 Introduction; 2 Theory Matters in International Relations; 3 Cyberspace: New Domain of International Relations; 4 Cyber Content: Leveraging Knowledge and Networking; II Cyber Venues and Levels of Analysis; 5 The State System: National Profiles and Cyber Propensities; 6 The International System: Cyber Conflicts and Threats to Security; 7 The International System: Cyberpolitics of Cooperation and Collaboration; 8 The Global System: Pressures of Growth and Expansion 327 $a9 Cyberspace and Sustainability: Convergence on the Global Agenda10 Conclusion: Lateral Realignment and the Future of Cyberpolitics; Notes; References; Index 330 $aAn examination of the ways cyberspace is changing both the theory and the practice of international relations. 606 $aInternet and international relations 606 $aTechnology and international relations 606 $aInternet$xPolitical aspects 606 $aInformation technology$xPolitical aspects 610 $aSOCIAL SCIENCES/Political Science/General 615 0$aInternet and international relations. 615 0$aTechnology and international relations. 615 0$aInternet$xPolitical aspects. 615 0$aInformation technology$xPolitical aspects. 676 $a327.10285/4678 700 $aChoucri$b Nazli$0119807 801 0$bOCoLC-P 801 1$bOCoLC-P 906 $aBOOK 912 $a9910786339103321 996 $aCyberpolitics in international relations$93766466 997 $aUNINA LEADER 03397nam 22006853 450 001 9910676671803321 005 20260320004201.0 010 $a9781526159397 010 $a1526159392 010 $a9781526159410 010 $a1526159414 024 7 $a10.7765/9781526159410 035 $a(MiAaPQ)EBC30226839 035 $a(Au-PeEL)EBL30226839 035 $a(CKB)25299086300041 035 $a(OCoLC)1350686897 035 $a(MdBmJHUP)musev2_103958 035 $a(DE-B1597)660069 035 $a(DE-B1597)9781526159410 035 $a(ScCtBLL)92289b38-9d85-426a-a595-67d40648493a 035 $a(OCoLC)1408681392 035 $a(oapen)doab98426 035 $a(oapen)https://library.oapen.org/handle/20.500.12657/61680 035 $a(EXLCZ)9925299086300041 100 $a20221112d2022 uy 0 101 0 $aeng 135 $aurcnu|||||||| 181 $ctxt$2rdacontent 182 $cc$2rdamedia 183 $acr$2rdacarrier 200 10$aAlcohol, Psychiatry and Society $eComparative and Transnational Perspectives, C. 1700-1990s 205 $a1st ed. 210 $cManchester University Press$d2022 210 1$aManchester :$cManchester University Press,$d2022. 210 4$d©2022. 215 $a1 online resource (420 pages) 225 1 $aSocial Histories of Medicine ;$vv.51 311 08$a9781526159403 311 08$a1526159406 327 $tFront Matter -- $tContents -- $tList of figures -- $tList of tables -- $tList of contributors -- $tAcknowledgements -- $tIntroduction -- $t1 Corrupting the body and mind -- $t2 Alcoholism, degeneration, madness and psychiatry in Spain, 1870-1920 -- $t3 From nutrition to powerful agent of degeneration -- $t4 'White man's kava' in Fiji -- $t5 'In the hot and trying climate of Nigeria the European has a much stronger temptation to indulge in alcohol than the native' -- $t6 Alcohol, abstinence and rationalisation in Germany, c. 1870s-1910s -- $t7 'Disciples of Asclepius' or 'advocates of Hermes'? Psychiatrists and alcohol in early twentieth-century Greece -- $t8 The fear of the immoderate Muslim -- $t9 Alcoholism, family and society in post-World War II Japan -- $t10 'May it last, such peace and life' -- $t11 A cradle of psychotherapy -- $t12 'A society that is sinking ever deeper into a state of chronic alcohol poisoning' -- $tIndex 330 $aThe medicalisation of alcohol use has become a prominent discourse that guides policy makers and impacts public perceptions of drinking. This book maps the historical and cultural dimensions of the phenomenon, emphasising medical attitudes to alcohol and the changing perception of consumption in psychiatry and mental health. 410 0$aSocial Histories of Medicine 606 $aAlcohol$xSocial aspects$xHistory 606 $aAlcohol$xTherapeutic use$xHistory 606 $aAlcohol$xPsychological aspects$xHistory 606 $aAlcoholism$xHistory 615 0$aAlcohol$xSocial aspects$xHistory. 615 0$aAlcohol$xTherapeutic use$xHistory. 615 0$aAlcohol$xPsychological aspects$xHistory. 615 0$aAlcoholism$xHistory. 676 $a362.29209 700 $aErnst$b Waltraud$0175213 701 $aMu?ller$b Thomas$00 801 0$bMiAaPQ 801 1$bMiAaPQ 801 2$bMiAaPQ 906 $aBOOK 912 $a9910676671803321 996 $aAlcohol, Psychiatry and Society$93065142 997 $aUNINA